Особенности политического моделирования; Молодой ученый; № 10 (90)

書目詳細資料
Parent link:Молодой ученый: ежемесячный научный журнал.— , 2008-
№ 10 (90).— 2015.— [С. 1032-1034]
主要作者: Крупицкий Н. Е. Николай Евгеньевич
企業作者: Национальный исследовательский Томский политехнический университет (ТПУ) Институт неразрушающего контроля (ИНК) Кафедра иностранных языков Института неразрушающего контроля (ИЯНК)
其他作者: Сенцов А. Э. Аркадий Эдуардович
總結:Заглавие с экрана
Режим доступа: по договору с организацией-держателем ресурса
語言:俄语
出版: 2015
叢編:Политология
主題:
在線閱讀:http://www.moluch.ru/archive/90/19189/
http://elibrary.ru/item.asp?id=23581050
格式: MixedMaterials 電子 Book Chapter
KOHA link:https://koha.lib.tpu.ru/cgi-bin/koha/opac-detail.pl?biblionumber=642586

MARC

LEADER 00000naa0a2200000 4500
001 642586
005 20260105140934.0
035 |a (RuTPU)RU\TPU\network\7543 
035 |a RU\TPU\network\7542 
090 |a 642586 
100 |a 20150629d2015 k||y0rusy50 ca 
101 0 |a rus 
102 |a RU 
135 |a drcn ---uucaa 
181 0 |a i  
182 0 |a b 
200 1 |a Особенности политического моделирования  |f Н. Е. Крупицкий, А. Э. Сенцов 
203 |a Текст  |c электронный 
225 1 |a Политология 
300 |a Заглавие с экрана 
320 |a [Библиогр.: с. 1034 (12 назв.)] 
333 |a Режим доступа: по договору с организацией-держателем ресурса 
461 |t Молодой ученый  |o ежемесячный научный журнал  |d 2008- 
463 |t № 10 (90)  |v [С. 1032-1034]  |d 2015 
610 1 |a электронный ресурс 
610 1 |a труды учёных ТПУ 
610 1 |a политические партии 
610 1 |a моделирование 
610 1 |a программа партии 
610 1 |a власть 
610 1 |a будущее 
610 1 |a модели 
700 1 |a Крупицкий  |b Н. Е.  |g Николай Евгеньевич 
701 1 |a Сенцов  |b А. Э.  |c лингвист  |c доцент Томского политехнического университета, кандидат политических наук  |f 1983-  |g Аркадий Эдуардович  |3 (RuTPU)RU\TPU\pers\27933 
712 0 2 |a Национальный исследовательский Томский политехнический университет (ТПУ)  |b Институт неразрушающего контроля (ИНК)  |b Кафедра иностранных языков Института неразрушающего контроля (ИЯНК)  |3 (RuTPU)RU\TPU\col\18721 
801 2 |a RU  |b 63413507  |c 20150629  |g RCR 
856 4 0 |u http://www.moluch.ru/archive/90/19189/ 
856 4 0 |u http://elibrary.ru/item.asp?id=23581050 
942 |c CF